Statistics for Pocahontas - Characters by Picture

Click here to take the quiz!

General Stats

  • This quiz has been taken 22 times
  • The average score is 8 of 20

Answer Stats

Answer% Correct
Pocahontas
100%
John Smith
93%
Governor John Ratcliffe
73%
Meeko
67%
Flit
60%
Grandmother Willow
60%
Chief Powhatan
53%
Thomas
53%
Percy
47%
Nakoma
40%
John Rolfe
33%
King James
33%
Wiggins
33%
Kekata
20%
Ben
13%
Lon
13%
Mrs. Jenkins
13%
Queen Anne
13%
Uttamatomakkin
13%
William Shakespeare
7%

Score Distribution

Percentile by Number Answered

Percent of People with Each Score

Your Score History

You have not taken this quiz